Movies Quiz

Random Movies or Musical Quiz
Score 0/20 Timer 04:00
1 Play Today
Movie Answer % Correct
_______ and the BeastBeauty
99.5%
_____ PoppinsMary
98.7%
____ MisérablesLes
98.6%
_______ in the RainSingin'
97.8%
_____ Side StoryWest
96.7%
______ Mia!Mamma
96.3%
___ Fair LadyMy
96.3%
________ Todd: The Demon Barber of Fleet StreetSweeney
92.4%
_______ Shop of HorrorsLittle
92%
_______ on the RoofFiddler
91.5%
Movie Answer % Correct
______ Rouge!Moulin
90.6%
_____ and DollsGuys
88.1%
_____ Me in St. LouisMeet
86.8%
_____ of AgesRock
85.8%
______ ChristmasWhite
74.6%
_____ SoupDuck
51.6%
_________ BeautySleeping
49.7%
_______ the UniverseAcross
45.4%
_________ Says I Love YouEveryone
19.5%
_______ in the DarkDancer
18%
Remove Ads.
Support Sporcle.
Get the best of Sporcle when you Go Orange. This ad-free experience offers more features, more stats, and more fun while also helping to support Sporcle. Thank you for becoming a member.

You're not logged in!

Compare scores with friends on all Sporcle quizzes.
OR
Log In

Show Comments

Extras

Top Quizzes Today


Score Distribution

Your Account Isn't Verified!

In order to create a playlist on Sporcle, you need to verify the email address you used during registration. Go to your Sporcle Settings to finish the process.

Report this User

Report this user for behavior that violates our Community Guidelines.

Details: